Normal view
MARC view
Entry Término temático
001 - NÚMERO DE CONTROL
- campo de control: 176050
003 - IDENTIFICADOR DEL NÚMERO DE CONTROL
- campo de control: OSt
005 - FECHA Y HORA DE LA ÚLTIMA TRANSACCIÓN
- campo de control: 20220601055028.0
008 - DATOS DE LONGITUD FIJA
- campo de control de longitud fija: 220601|| aca||aabn | a|a d
040 ## - FUENTE DE LA CATALOGACIÓN
- Centro catalogador/agencia de origen: OSt
- Centro/agencia transcriptor: OSt
150 ## - ENCABEZAMIENTO--TÉRMINO DE MATERIA
- Término de materia o nombre geográfico como elemento de entrada: 1. Frutas y hortalizas-Nuevo León-Estadísticas2. Frutas y hortalizas-Producción
670 ## - FUENTE DE DATOS ENCONTRADOS
- Cita de la fuente: Work cat.: (OSt)209498: Sistema nacional para el abasto. México 147856, Diagnóstico para la instalación de centros de acopio; Nuevo León, frutas y hortalizas / Sistema nacional para el abasto. México
